[Event "EU-ch U18 17th"]
[Site "Sibenik"]
[Date "2007.09.23"]
[Round "9"]
[White "Dinger, Florian"]
[Black "Szekeres, Robert"]
[Result "1/2-1/2"]
[WhiteElo "2332"]
[BlackElo "2209"]
[PlyCount "111"]
[EventDate "2007.09.14"]
[EventType "swiss"]
[EventRounds "9"]
[EventCountry "CRO"]
[SourceTitle "CBM 120 Extra"]
[Source "ChessBase"]
[SourceDate "2007.11.01"]
[SourceVersion "1"]
[SourceVersionDate "2007.11.01"]
[SourceQuality "1"]

1. e4 c5 2. Nf3 e6 3. d4 cxd4 4. Nxd4 a6 5. Bd3 g6 6. Be3 Bg7 7. Nd2 Ne7 8. f4 0-0 9. Qe2 Nbc6 10. N2f3 d6 11. c3 e5 12. Nxc6 Nxc6 13. Bc4 exf4 14. Bxf4 Ne5 15. Nxe5 Bxe5 16. 0-0 Be6 17. Bxe6 Bxf4 18. Rxf4 fxe6 19. Rxf8+ Qxf8 20. Rf1 Qe7 21. Qf2 Rc8 22. Qf6 Qxf6 23. Rxf6 Re8 24. Kf2 Kg7 25. Rf3 Rc8 26. Ke3 Rc5 27. Kd4 Rh5 28. h3 Rg5 29. g3 Rh5 30. g4 Ra5 31. a3 h5 32. gxh5 Rxh5 33. c4 b5 34. b4 bxc4 35. Kxc4 Rh4 36. Kd3 Kg8 37. a4 d5 38. Re3 Kf7 39. b5 axb5 40. axb5 dxe4+ 41. Kc4 Kf6 42. b6 Kf5 43. Kd4 e5+ 44. Kd5 Rh8 45. Re1 Rd8+ 46. Kc6 Kf4 47. Kc7 Rh8 48. b7 e3 49. b8Q Rxb8 50. Kxb8 Kf3 51. Kc7 Kf2 52. Ra1 e2 53. Kd6 e1Q 54. Rxe1 Kxe1 55. Kxe5 Kf2 56. Kf6 1/2-1/2

[Event "EU-ch U18 17th"]
[Site "Sibenik"]
[Date "2007.09.20"]
[Round "7"]
[White "Figura, Atila Gajo"]
[Black "Szekeres, Robert"]
[Result "1-0"]
[WhiteElo "2413"]
[BlackElo "2209"]
[PlyCount "80"]
[EventDate "2007.09.14"]
[EventType "swiss"]
[EventRounds "9"]
[EventCountry "CRO"]
[SourceTitle "CBM 120 Extra"]
[Source "ChessBase"]
[SourceDate "2007.11.01"]
[SourceVersion "1"]
[SourceVersionDate "2007.11.01"]
[SourceQuality "1"]

1. d4 Nf6 2. Nf3 e6 3. Bg5 c5 4. e3 h6 5. Bh4 b6 6. Bd3 cxd4 7. exd4 Be7 8. Bxf6 Bxf6 9. Nbd2 Bb7 10. Qe2 d6 11. c3 Nd7 12. g4 h5 13. gxh5 Rxh5 14. Rg1 Qc7 15. Ne4 0-0-0 16. Nfg5 Bxe4 17. Ba6+ Kb8 18. Qxh5 Bg6 19. Qe2 e5 20. Bd3 Bxd3 21. Qxd3 exd4 22. cxd4 Qc6 23. Nf3 Qd5 24. Qb3 Re8+ 25. Kf1 Qh5 26. Rg3 Re4 27. Rc1 Bxd4 28. Qc2 Qb5+ 29. Qc4 Qc5 30. b4 b5 31. bxc5 bxc4 32. Rxc4 dxc5 33. Nxd4 cxd4 34. Rb3+ Nb6 35. a4 Re5 36. Rxd4 Kc7 37. Rc3+ Kb7 38. Rf4 f6 39. Rg3 g5 40. Rxf6 Nd5 1-0

[Event "EU-ch U18 17th"]
[Site "Sibenik"]
[Date "2007.09.19"]
[Round "6"]
[White "Szekeres, Robert"]
[Black "Brzeski, Maciej"]
[Result "1/2-1/2"]
[WhiteElo "2209"]
[BlackElo "2356"]
[PlyCount "63"]
[EventDate "2007.09.14"]
[EventType "swiss"]
[EventRounds "9"]
[EventCountry "CRO"]
[SourceTitle "CBM 120 Extra"]
[Source "ChessBase"]
[SourceDate "2007.11.01"]
[SourceVersion "1"]
[SourceVersionDate "2007.11.01"]
[SourceQuality "1"]

1. d4 Nf6 2. c4 c5 3. d5 e6 4. Nc3 exd5 5. cxd5 g6 6. e4 d6 7. Bd3 Bg7 8. h3 0-0 9. Nf3 b5 10. Bxb5 Nxe4 11. Nxe4 Qa5+ 12. Nfd2 Qxb5 13. Nxd6 Qa6 14. N2c4 Nd7 15. 0-0 Nb6 16. Nxb6 Qxb6 17. Nxc8 Raxc8 18. Rb1 Rfd8 19. Bf4 Qb7 20. d6 Bf8 21. Qd3 Bxd6 22. Bxd6 Rc6 23. Rfd1 Qd7 24. Qa3 Rxd6 25. Rxd6 Qxd6 26. Qxa7 Qd4 27. a4 Re8 28. a5 Re2 29. Qa8+ Kg7 30. Qf3 Rxb2 31. Rd1 Qf6 32. Qxf6+ 1/2-1/2

[Event "HUN-chT2 Breyer 0607"]
[Site "Hungary"]
[Date "2006.12.17"]
[Round "4"]
[White "Szekeres, Robert"]
[Black "Kiss, Laszlo"]
[Result "1/2-1/2"]
[WhiteElo "2212"]
[BlackElo "2150"]
[PlyCount "126"]
[EventDate "2006.11.12"]
[EventType "team"]
[EventRounds "11"]
[EventCountry "HUN"]
[SourceTitle "EXT 2008"]
[Source "ChessBase"]
[SourceDate "2007.11.25"]
[SourceVersion "1"]
[SourceVersionDate "2007.11.25"]
[SourceQuality "1"]
[WhiteTeam "Stat PSC II"]
[BlackTeam "BEAC Rufusz II"]
[WhiteTeamCountry "HUN"]
[BlackTeamCountry "HUN"]

1. d4 g6 2. e4 Bg7 3. Nc3 d6 4. Be3 a6 5. h3 b6 6. f4 e6 7. Nf3 Bb7 8. Bd3 Ne7 9. Qe2 Nd7 10. g4 c5 11. Qf2 Qc7 12. Rf1 Nc6 13. d5 Nb4 14. dxe6 Nxd3+ 15. cxd3 fxe6 16. Ng5 Nf8 17. f5 exf5 18. gxf5 Bxc3+ 19. bxc3 0-0-0 20. fxg6 Nxg6 21. Ne6 Qc6 22. Nxd8 Rxd8 23. Qf5+ Kb8 24. Bg5 Re8 25. Kd2 c4 26. Qd5 cxd3 27. Qxc6 Bxc6 28. Bf4 Nxf4 29. Rxf4 Bxe4 30. Re1 d5 31. c4 Rg8 32. Rf2 Rd8 33. Rf6 Rd7 34. Rxb6+ Ka7 35. c5 Rg7 36. Kc3 Rg3 37. Rf1 Bg6 38. Re1 Be4 39. Rf1 Bg6 40. Rb2 d2+ 41. Kxd2 Rd3+ 42. Ke1 Rc3 43. Rf6 Rxc5 44. Rbb6 Rc1+ 45. Kf2 Rc2+ 46. Kg3 Rxa2 47. Rbe6 Kb8 48. Re7 Ra3+ 49. Kf4 Ra4+ 50. Kg5 Rc4 51. Rb6+ Kc8 52. Rxa6 Rc7 53. Re5 Rd7 54. Ra5 Be4 55. Kf6 Kb7 56. Re6 Bg2 57. Ra3 d4 58. Rg3 Bf1 59. Rb3+ Kc7 60. Re1 Bg2 61. Rg3 Bc6 62. Re7 Kd6 63. Re6+ Kc5 1/2-1/2